San Diego Chargers All-time Leading Passers - Statistics

General Stats
  • This quiz has been taken 261 times
  • The average score is 4 of 10
Answer Stats
Passing Yards Quarterback % Correct
45,833 Phillip Rivers
100%
43,040 Dan Fouts
87%
12,348 Drew Brees
75%
16,085 Stan Humphries
41%
4,901 Doug Flutie
40%
26,938 Jon Hadl
39%
4,177 Jim Harbaugh
23%
5,996 Jack Kemp
15%
3,671 Billy Joe Tolliver
11%
4,396 John Friesz
8%
No matching quizzes found
Score Distribution
Percent of People with Each Score
Percentile by Number Answered
Your Score History
You have not taken this quiz